01107 a2200193 4500003000500000005001700005040000900022082001500031100003200046245003700078260004300115300002400158505050400182600003200686650002600718942002400744999001900768952012600787Nust20230201115827.0 cNust a808.83,LON aLaurie-Long, Ernest9108352 aBuoyed cables / cE.Laurie-Long, aWard Lock & Co., LimitedbLondonc1941 a320 pbillusc18 cm aAloysious (Page-7), Game (Page-18), A Juvenile in Crime (Page-28), Butcher Boy (Page-44), Conduct Sheet (Page-59) Maisie (Page-86), Virtue Not Rewarded (Page-97), D Turret (Page-112), Correspondence (Page-121), After Three Years (Page-131), A Snap Shot (Page-152), Gunner Mate (Page-170), Tradition (Page-183), Only the Best (Page-197), The Tanker (Page-226), In Convoy (Page-249), Gunnery (Page-263), Service Ways (Page-279), Curacao (Page-285), Evolution (Page-295), Four Months Lather (Page-311). aLaurie-Long, Ernest9108352 aBuoyed cables9108353 2ddccBKk808.83,LON c186395d186395 00102ddc4070aMCSbMCScGENd2016-12-12o808.83,LONpMCS29809r2016-12-08w2016-12-12yBKzAlmirah No. 57, Shelf No. 1